000 00510nam a2200169 i 4500
001 93861
003 ES-MaACL
005 20240427063118.0
007 t|
008 050421s1952 sp ||||1| spa d
100 1 _aPantorba, Bernardino de,
_d1896-1990
_988829
245 1 0 _aImagineros españoles /
_cBernardino de Pantorba.
260 _aMadrid :
_bMayfe,
_c1952.
300 _a114 p., 12 lám., lám. 1-144 :
_bil. ;
_c31 cm.
852 _aES-MaACL
_jD-7035
_bR.32266
999 _c93861
_d93861